Дело о назначении дня для концерта, предположенного советом Санкт-Петербургского женского патриотического общества в пользу подв...

Доступно только в Электронных читальных залах Найти на картеНа карте
RUSMARC
00003776nmc2a22000003x 450
001645ecb93-7892-4683-93cf-5e06e06585b2
00520181221193715.0
100##$a20170622l18441844k l0rusy0189 ca
1010#$arus
102##$aRU
2001#$aДело о назначении дня для концерта, предположенного советом Санкт-Петербургского женского патриотического общества в пользу подведомственных ему школ
$j25 ноября - 20 декабря1844 г.
251##$cДело
300##$aПо Канцелярии директора
300##$aДело
801#0$aRU
$bРГИА
$c20170622
$gRCR
801#1$aRU
$bГлавНИВЦ
$c20170622
$2rusmarc
801#2$aRU
$bПБ им. Б.Н. Ельцина
$c20181221
$gRCR
$2rusmarc
850##$aРГИА
852##$aРГИА
$eФедеральное казенное учреждение "Российский государственный исторический архив" (РГИА)
$j10064
937##$hРГИА
$d12242667
$aASBIBLIO_SCAN
462#0$1001dd3991dc-24e1-42ec-8838-ca4255420416
$12001
$a1746-1850 гг.
$1251
$cОпись
$1852
$j1
461#0$10019264ebf8-de62-4f1a-9eb4-9f22098dbbd5
$12001
$aДирекция императорских театров МИДв
$1251
$cФонд
$1852
$j497
215##$a16 л.
$d36,5х26 см
371##$aДокумент не является опубликованным и широко распространяемым
105##$ay###
1222#$ad
035##$a645ecb93-7892-4683-93cf-5e06e06585b2
856##$uhttp://readingroom.main.prlib.ru/item.aspx?id_node=n122184312&mode=full
Формат отображения